| 000 | 00946nam a2200193Ii 4500 | ||
|---|---|---|---|
| 003 | JO-AjNU | ||
| 008 | 230605s9999||||xx |||||||||||||| ||und|| | ||
| 040 |
_aJO-AjNU _bara _erda _cJO-AjNU |
||
| 041 | _aara | ||
| 050 | 1 | 4 | _aHD 62.15 2014 |
| 100 | 3 |
_aاعداد: الجبوري، ميسر ابراهيم ، اسيل زهير رشيد التك, _eauthor _952009 |
|
| 245 | 0 | 0 | _aالمسئولية الاجتماعية و الالتزام بالجودة و انعكاساتها على القيم المنظمية : العلاقة التبادلية بين قضاياها الجوهرية وفقا للمواصفة ISO26000/SR.2007 |
| 264 | 3 | 1 | _aالقاهرة: المنظمة العربية للتنمية الادارية، 2014 |
| 300 | _a89ص | ||
| 336 |
_atext _btxt _2rdacontent |
||
| 337 |
_aunmediated _bn _2rdamedia |
||
| 338 |
_avolume _bnc _2rdacarrier |
||
| 650 | 4 |
_aضبط الجودة - المسئولية الاجتماعية _952010 |
|
| 999 |
_aA23013 _c26581 _d26581 |
||